00742nam a2200265Ia 4500001000900000003000500009005001700014008004100031010001100072020001800083040000900101082002000110100003200130245008800162260003400250300001100284503000800295504002800303650003000331650002100361650001700382650003200399650002400431650002100455dia_1336CHAP20230126132041.0220117s1981 xx 000 0 und d a171883 a968-444-017-0 cCHAP a660.63 Q56 1981 aQuintero Ramírez, Rodolfo aIngeniería bioquímica : teoría y aplicaciones /c Rodolfo Quintero Ramírez aMéxico :b Alhambra,c1981 a332 p. aC/e aIncluye bibliografías aBiochemical engineering  aFermentación  aFermentation aIngeniería bioquímica  aMicroorgánismos  aMicroorganisms